000 00308nam a2200097Ia 4500
008 220120s9999||||xx |||||||||||||| ||und||
100 _aReethu Somaiah and others
_912550
245 0 _aTheft handset tracking
260 _aCoorg Institute of Technology
_bPonnampet
_c2015
650 _aELECTRONICS AND COMMUNICATIONS
999 _c138148
_d138148